000 00832nam a2200205 a 4500
001 000041529
005 20201002035626.0
008 131009s2003 sp a 000 0 spa d
020 _a8400081757
040 _aDO-SdBNP
_bspa
_cBNPHU
082 _axxx
_bG643i
100 1 _aGonzález Martínez, Elda Evangelina
_968255
245 1 3 _aLa Inmigración esperada :
_bla política migratoria brasileña desde João VI hasta Getúlio Vargas /
_cElda Evangelina González Martínez.
260 _aMadrid :
_bConsejo Superior de Investigaciones Científicas,
_c2003.
300 _a262 p. :
_bil. ;
_c24 cm.
490 1 _aBiblioteca de historia de América
_v28
500 _aIncluye referencias bibliográficas y notas al pie de las páginas.
504 _aBibliografía: p. 231-247
830 0 _aBiblioteca de historia de América
_n28
_968256
999 _c41019
_d41019